Právo životného prostredia

Bibliographic Details
Main Author: Košičiarová, Soňa, 1965- (Author)
Format: Book
Language:Slovak
PhysicalDescription:379 s. 25 cm
Published: Bratislava Právnická fakulta UK 1995
ISBN:8071600725
Edition:1. vyd.
Series:Učebné texty Právnickej fakulty Univerzity Komenského
Subjects:

MARC

LEADER 00000cam a2200000 a 4500
001 vtls001096570
003 SK-MaSNL
005 20260301062444.0
008 240322s1995 xo frnp 000 0 slo
015 |a SNBA1996/0200352 
020 |a 8071600725  |q (brožované) 
035 |a SNK000039412 
040 |a SNK  |b slo  |c SNK  |e AACR2 
041 0 |a slo 
044 |a xo  |c SK 
072 7 |a 349  |x Pracovné, sociálne, stavebné právo. Právo životného prostredia  |2 konspekt 
080 |a 349.6  |2 2011 
080 |a (075.8)  |2 2011 
100 1 |a Košičiarová, Soňa,  |d 1965-  |4 aut  |9 211055 
245 1 0 |a Právo životného prostredia  |c Soňa Košičiarová a kol. 
250 |a 1. vyd. 
260 |a Bratislava  |b Právnická fakulta UK  |c 1995 
300 |a 379 s.  |c 25 cm 
490 1 |a Učebné texty Právnickej fakulty Univerzity Komenského 
504 |a Obsahuje bibliografiu 
650 0 7 |a environmentálne právo  |2 SNKPH  |9 192070 
650 0 7 |a Environmental protection law  |2 SNKPHeng  |9 266971 
655 7 |a učebnice vysokých škôl  |2 SNKPH  |9 70191 
655 7 |a Textbooks (higher)  |2 SNKPHeng  |9 276436 
830 0 |a Učebné texty Právnickej fakulty Univerzity Komenského  |9 376844 
919 |a 80-7160-072-5 
954 |a odborná, vedecká literatúra pôvodná (slovenská)  |2 lita 
958 |a EUIPO 
958 |a OND 
958 |a NB 
958 |a UV 
999 |c 620706  |d 622636 
952 |t P60, <09>, [BOOK], {629}  |a SNK  |b SNK  |y NEVYP  |7 0  |o snkC 2073  |i snk4072/951201  |0 0  |1 0  |4 0  |d 1995-11-29  |l 0  |r 2004-12-31 00:00:00  |w 2026-02-23 
952 |t P66, <07>, [BOOK], {604}  |a SNK  |b SNK  |y VYP  |7 0  |p 17A0005878  |o snkSC 89536 D1  |i snkKSP 10159/95  |0 0  |1 0  |4 0  |d 1995-12-05  |l 0  |r 2004-12-31 00:00:00  |w 2026-02-23 
952 |t P60, <03>, [BOOK], {603}  |a SNK  |b SNK  |y PREZ  |7 0  |p 17A0248588  |o snkSC 89536  |i snkKSP 10158/95  |0 0  |1 0  |4 0  |d 2000-08-23  |f 1  |l 0  |r 2025-09-09 00:00:00  |w 2026-02-23